History Quiz

Random History or Grab Bag Quiz

US History Grab Bag II Quiz Stats

Quiz Updated Jan 20, 2017

Challenge
Share
Tweet
Embed
Score 0/36 Timer 06:00
1 Play Today
% Correct
Republican
96.9%
Democratic
89.1%
Washington, District of Columbia
85.7%
Hillary Clinton
80.1%
Whig
79.4%
John Wilkes Booth
76.3%
New York, New York
75.1%
Al Gore
74.3%
Philadelphia, Pennsylvania
74.2%
Thomas Jefferson (1826)
69.9%
William Clark
69.7%
Richard Nixon
68.3%
Lee Harvey Oswald
67.1%
Meriwether Lewis
67.1%
George H.W. Bush
66.8%
John Adams (1826)
66.4%
William Henry Harrison
61%
Kentucky
53%
% Correct
William Howard Taft
51.7%
Tennessee
51.4%
Vermont
49.3%
Federalist
48.3%
Joe Biden
43.1%
James Garfield
40.9%
Minnesota
40.4%
Democratic-Republican
36.3%
Rhode Island
28.9%
Barry Goldwater
27.3%
James Monroe (1831)
23.8%
Hubert Humphrey
22.6%
Aaron Burr
16.8%
Samuel J. Tilden
9.9%
Charles Guiteau
9.6%
Leon Czolgosz
6.6%
Alben W. Barkley
4.3%
John C. Breckinridge
3.3%

You're not logged in!

Compare scores with friends on all Sporcle quizzes.
Join for Free
OR
Log In

You Might Also Like...

Show Comments

Extras

Top Quizzes Today


Score Distribution

Your Account Isn't Verified!

In order to create a playlist on Sporcle, you need to verify the email address you used during registration. Go to your Sporcle Settings to finish the process.

Report this User

Report this user for behavior that violates our Community Guidelines.

Details: